| 000 | 00817nam a22002537a 4500 | ||
|---|---|---|---|
| 001 | 28694 | ||
| 003 | UA-OsUOA | ||
| 005 | 20191121140305.0 | ||
| 007 | ta | ||
| 008 | 20050421b un ||||| |||| 00| 0 ukr d | ||
| 040 |
_aUA-OsUOA _bukr _cUA-OsUOA _dUA-OsUOA |
||
| 041 | _aukr | ||
| 044 | _aUS | ||
| 080 | _a94(477)152 | ||
| 090 |
_a94(477)152 _bТ21 |
||
| 100 | _aТарнавський О. | ||
| 245 |
_aБрат-братові: книга про ЗУАДК _cТарнавський Остап |
||
| 260 |
_aФіладельфія _bЗлучений український американський допомоговий комітет _c1971 |
||
| 300 |
_a262 с. _bІлюстрації |
||
| 650 | 7 | _2UDC | |
| 942 |
_cBK _2udc |
||
| 955 | _a0 | ||
| 999 |
_c315064 _d315064 |
||